| 000 | 00932nam a2200265 a 4500 | ||
|---|---|---|---|
| 001 | BRL_1073 | ||
| 005 | 20190320211025.0 | ||
| 008 | 081113s1972----mx-a######---#000-0#spa-# | ||
| 041 | _aspa | ||
| 044 | _amx | ||
| 050 | 4 |
_aNK844 _b.M37 1972 |
|
| 100 | 1 |
_aMartínez Peñaloza, Porfirio _91788 |
|
| 245 | 1 | 0 |
_aArte popular y artesanías artísticas en México _bun acercamiento _cPorfirio Martínez Peñaloza. |
| 260 |
_aMéxico _bDirección general de Prensa, Memoria, Bibliotecas y Publicciones _c1972 |
||
| 300 |
_a124 p. _bil. _c22 cm. |
||
| 500 | _aAu1213 | ||
| 500 | _aEstado físico: Desprendimiento de la pasta del lomo. | ||
| 500 | _aIncluye dedicatoria a Ruth Lechuga | ||
| 500 | _aVer también número de sistema 1433 perteneciente al Fondo Contemporaneo | ||
| 504 | _aBibliografía: p. 111-119 | ||
| 650 | 1 | 4 |
_aArte popular _zMéxico _9882 |
| 650 | 1 | 4 |
_aArtesanías _zMéxico _93976 |
| 902 | _aGRL | ||
| 942 |
_2lcc _cB |
||
| 999 |
_c9885 _d9885 |
||